| 000 | 00995nam a2200241 a 4500 | ||
|---|---|---|---|
| 001 | BRCA_3666 | ||
| 005 | 20190320204356.0 | ||
| 008 | 020909s1984----mx-a---###---#000-0#spa-# | ||
| 041 | _aspa | ||
| 044 | _amx | ||
| 050 | 4 |
_aBX1428 _b.M33 1984 |
|
| 100 | 1 |
_aMadre de Dios, Agustín de la, Fray _99515 |
|
| 245 | 1 | 0 |
_aLos carmelitas descalzos en la Nueva España del siglo XVII _cFray Agustín de la Madre de Dios ; paleografía, notas, selección y estudio introductorio Manuel Ramos Medina ; presentación de la obra Elías Trabulse Atala ; fotografía Federico Gil. |
| 260 |
_aMéxico _bProbursa : Departamento de Historia de la Universidad Iberoamericana _c1984 |
||
| 300 |
_a119 p. _bil. _c31 cm. |
||
| 500 | _aIncluye apéndice fotográfico | ||
| 650 | 1 | 4 |
_aCarmelitas en México _ySiglo XVII _99516 |
| 650 | 1 | 4 |
_aCarmelitas _xHistoria _ySiglo XVII _99517 |
| 700 | 1 |
_aRamos Medina, Manuel _99518 |
|
| 700 | 1 |
_aTrabulse Atala, Elías _99519 |
|
| 700 | 1 |
_aGil, Federico _99520 |
|
| 942 |
_2lcc _cB |
||
| 999 |
_c3398 _d3398 |
||